000 00760nam a2200205Ia 4500
005 20260121110014.0
008 008 260114s9999 xx 000 0 hin d
020 _a9788132363217
037 _aEBOOK
040 _aCRL
_bhin
_cCRL
041 _ahin
_2hin
084 _qCRL
100 _aप्रेमा कुमारी / Prema Kumari
_9940878
245 0 _aजैव विविधता हाॅटस्पाट एवं वन्यजीवों का संरक्षण / Jaiv vividhta hotspot aur vanyajeevon ka sanrakshan
260 _bभाषा प्रकाशन / Bhasha Prakashan
_c2022
856 _uhttps://bhashaprakashan.com/product-details/379792
942 _cEBOOK
999 _c1532543
_d1532543